[Event "IX EICC"]
[Site "Plovdiv BUL"]
[Date "2008.05.01"]
[Round "10"]
[White "Mateuta,G"]
[Black "Kuzubov,Y"]
[Result "1/2-1/2"]
[WhiteElo "2504"]
[BlackElo "2603"]
[EventDate "2008.04.21"]

1. d4 Nf6 2. Nf3 g6 3. Nbd2 Bg7 4. e4 d6 5. Bd3 O-O 6. O-O Nc6 7. c3 e5 8.
dxe5 Nxe5 9. Nxe5 dxe5 10. Nc4 Nd7 11. Be3 Qe7 12. b4 b6 13. Qc2 Bb7 14. f3
Rfd8 15. Rfd1 Nf8 16. Bf1 Ne6 17. Rxd8+ Rxd8 18. Rd1 h5 19. Rxd8+ Qxd8 20.
Qd2 Qxd2 21. Nxd2 Kf8 22. g3 Ke7 23. Bd3 Bc6 24. Kf2 Ba4 25. Nc4 Bd7
1/2-1/2

[Event "IX EICC"]
[Site "Plovdiv BUL"]
[Date "2008.05.01"]
[Round "10"]
[White "Vehi Bach,V"]
[Black "Jovanovic,Zo CRO"]
[Result "0-1"]
[WhiteElo "2381"]
[BlackElo "2546"]
[EventDate "2008.04.21"]

1. e4 e5 2. Nf3 d6 3. d4 exd4 4. Nxd4 Nf6 5. Nc3 Be7 6. Be2 O-O 7. O-O Re8
8. f4 c5 9. Nb3 Nc6 10. Bf3 Bf8 11. g4 c4 12. Nd2 d5 13. e5 d4 14. Ncb1 c3
15. exf6 cxd2 16. Nxd2 Qxf6 17. Ne4 Qd8 18. Nf2 Be6 19. Re1 Qd7 20. Bd2 Bd5
21. Nd3 Rxe1+ 22. Bxe1 Re8 23. Bf2 a5 24. h3 f5 25. g5 Be4 26. Kg2 Qd5 27.
Kg3 Bd6 28. a4 Nd8 29. Qe2 Ne6 0-1

[Event "IX EICC"]
[Site "Plovdiv BUL"]
[Date "2008.05.01"]
[Round "10"]
[White "Nestorovic,N"]
[Black "Blagojevic,Dr"]
[Result "1/2-1/2"]
[WhiteElo "2381"]
[BlackElo "2532"]
[EventDate "2008.04.21"]

1. e4 e5 2. Nf3 Nc6 3. Bb5 a6 4. Ba4 Nf6 5. O-O Be7 6. d3 b5 7. Bb3 d6 8.
a4 b4 9. Nbd2 Na5 10. Ba2 c5 11. c3 bxc3 12. bxc3 O-O 13. Re1 Rb8 14. Ba3
Qc7 15. Nf1 Be6 1/2-1/2

[Event "IX EICC"]
[Site "Plovdiv BUL"]
[Date "2008.05.01"]
[Round "10"]
[White "Naumann,A"]
[Black "Bykhovsky,An ISR"]
[Result "1-0"]
[WhiteElo "2523"]
[BlackElo "2394"]
[EventDate "2008.04.21"]

1. e4 c5 2. Nf3 Nc6 3. d4 cxd4 4. Nxd4 Nf6 5. Nc3 e5 6. Ndb5 d6 7. Bg5 a6
8. Na3 b5 9. Nd5 Be7 10. Bxf6 Bxf6 11. c3 Bg5 12. Nc2 O-O 13. a4 bxa4 14.
Rxa4 a5 15. Bc4 Rb8 16. b3 Kh8 17. Nce3 Be6 18. h4 Bxe3 19. Nxe3 Ne7 20.
O-O Qb6 21. Ra3 Qc5 22. Ra2 Rfd8 23. Rd2 a4 24. Bxe6 fxe6 25. bxa4 d5 26.
Qc2 Rbc8 27. Rfd1 Qa5 28. Qa2 Rc5 29. Qa3 h6 30. Qb4 Qa7 31. exd5 exd5 32.
h5 Nc6 33. Qb1 d4 34. cxd4 exd4 35. Nf5 Qxa4 36. Qe4 Qc4 37. Nh4 Qf7 38.
Ng6+ Kg8 39. Re1 Rc8 40. Rc2 Rxc2 41. Qxc2 Qd5 42. Re5 Qd7 43. Rc5 d3 44.
Qb3+ Kh7 45. Rd5 Qg4 46. Qxd3 Nb4 47. Qf5 Qxf5 48. Rxf5 Nc6 49. g4 Re8 50.
Kg2 Kg8 51. Kg3 Nd8 52. Ra5 Nf7 53. Ra7 Rb8 54. Ne7+ Kf8 55. Nf5 Kg8 56. f4
Rb3+ 57. Kf2 Rb8 58. Ne3 Re8 59. Nf5 Rd8 60. Rc7 Kf8 61. Ne7 Re8 62. Ng6+
Kg8 63. Rd7 Ra8 64. Kf3 Rc8 65. Ke4 Re8+ 66. Kd5 Rd8 67. Ke6 Re8+ 68. Re7
Ra8 69. Rc7 Re8+ 70. Kd7 Ra8 71. Rb7 Nh8 72. Ne7+ Kf8 73. Rc7 Nf7 74. Rc8+
Rxc8 75. Nxc8 Nh8 76. Nd6 g6 77. Ke6 Kg7 78. f5 gxh5 79. gxh5 Kg8 80. Ke7
1-0

[Event "IX EICC"]
[Site "Plovdiv BUL"]
[Date "2008.05.01"]
[Round "10"]
[White "Pedersen,NicV"]
[Black "Minasian,Art"]
[Result "0-1"]
[WhiteElo "2421"]
[BlackElo "2574"]
[EventDate "2008.04.21"]

1. d4 g6 2. e4 Bg7 3. c4 c5 4. d5 d6 5. Nc3 Nf6 6. Bd3 O-O 7. h3 a6 8. Nf3
b5 9. cxb5 axb5 10. Nxb5 Na6 11. Bd2 Qb6 12. a4 Nb4 13. Bxb4 cxb4 14. O-O
Nd7 15. Rc1 b3 16. Nc3 Nc5 17. Bb5 Ba6 18. Nd2 Nxa4 19. Bxa4 Bxf1 20. Bc6
Bd3 21. Bxa8 Bc2 22. Nc4 Qc5 23. Qe2 Bxc3 24. Bc6 Bd4 25. e5 dxe5 26. Nxe5
Bxb2 27. Re1 Qb4 0-1

[Event "IX EICC"]
[Site "Plovdiv BUL"]
[Date "2008.05.01"]
[Round "10"]
[White "Savchenko,B"]
[Black "Baumegger,S"]
[Result "1/2-1/2"]
[WhiteElo "2569"]
[BlackElo "2440"]
[EventDate "2008.04.21"]

1. e4 e5 2. Nf3 Nc6 3. Bb5 a6 4. Ba4 Nf6 5. O-O Be7 6. Re1 b5 7. Bb3 d6 8.
c3 O-O 9. d4 Bg4 10. Be3 exd4 11. cxd4 Na5 12. Bc2 Nc4 13. Bc1 c5 14. a4
cxd4 15. Qxd4 Bxf3 16. gxf3 Rc8 17. Qd1 Ne5 18. f4 Ng6 19. Ra3 d5 20. Rd3
Qa5 21. Bd2 Bb4 22. f5 dxe4 23. Bxb4 Qxb4 24. Rb3 Qc5 25. fxg6 Qxc2 26.
axb5 axb5 27. Nc3 Qxd1 28. gxf7+ Rxf7 29. Rxd1 Rb7 30. Rd4 Rc5 31. Rdb4
Rg5+ 32. Kf1 Rh5 33. Kg2 Rg5+ 34. Kf1 1/2-1/2

[Event "IX EICC"]
[Site "Plovdiv BUL"]
[Date "2008.05.01"]
[Round "10"]
[White "Djukic,Ni"]
[Black "Kozhuharov,S"]
[Result "1-0"]
[WhiteElo "2543"]
[BlackElo "2433"]
[EventDate "2008.04.21"]

1. e4 c6 2. d4 d5 3. Nd2 dxe4 4. Nxe4 Bf5 5. Nc5 Qc7 6. Bd3 Bxd3 7. Nxd3 e6
8. Nf3 Nd7 9. O-O Ngf6 10. c4 Bd6 11. b4 O-O 12. c5 Be7 13. Bf4 Qc8 14. a4
Nd5 15. Bg3 Bd8 16. b5 Bc7 17. Qb3 Bxg3 18. hxg3 a6 19. b6 Rd8 20. Rfe1
N7f6 21. Nb2 Ne7 22. Rad1 Nf5 23. Nc4 Rd5 24. Qb2 Qd8 25. Nce5 Nd7 26. Nd3
Nf6 27. Nf4 Rd7 28. Rd3 Ng4 29. Qe2 h6 30. Nxe6 fxe6 31. Qxe6+ Rf7 32. Qg6
Nxf2 33. Kxf2 Rf6 34. Qg4 Qd5 35. Re5 Qf7 36. d5 cxd5 37. Rexd5 Re8 38. Rd8
Rxd8 39. Rxd8+ Kh7 40. Kf1 Qe7 41. Rd5 Qe6 42. Re5 1-0

[Event "IX EICC"]
[Site "Plovdiv BUL"]
[Date "2008.05.01"]
[Round "10"]
[White "Dimitrov,Pa"]
[Black "Cao Sang"]
[Result "1/2-1/2"]
[WhiteElo "2414"]
[BlackElo "2535"]
[EventDate "2008.04.21"]

1. e4 c5 2. Nf3 Nc6 3. c4 e5 4. Nc3 d6 5. d3 f5 6. exf5 Bxf5 7. h3 Be7 8.
g4 Bg6 9. Bg2 Nf6 10. Nh4 Bf7 11. Nf5 O-O 12. O-O Nd4 13. Nxe7+ Qxe7 14. f4
exf4 15. Bxf4 Nd7 16. Qd2 Ne5 17. Rae1 Rae8 18. Kh1 b6 19. Bg3 Bg6 20. Nd5
Rxf1+ 21. Rxf1 Qd8 22. Nf4 Bf7 23. b3 Ng6 24. Be4 Ne5 25. Qg2 Qe7 26. Bf2
Bg6 27. Nxg6 Nxg6 28. Bxd4 cxd4 29. Qg1 Qh4 30. Kh2 Ne5 31. Qxd4 h5 32. Kg2
hxg4 33. Qe3 Qxh3+ 34. Qxh3 gxh3+ 35. Kxh3 Nxd3 36. Bd5+ Kh7 37. Kg4 Ne5+
38. Kg5 g6 39. Rf6 Rd8 40. Re6 Rd7 41. Re8 Kg7 42. Rg8+ Kh7 43. Kf6 Ng4+
44. Ke6 Kxg8 45. Kxd7+ Kf8 46. Kxd6 Ne3 47. Be6 Nc2 48. a4 Ke8 49. Bd5 g5
50. Be4 Nb4 51. a5 bxa5 52. c5 Kd8 53. Bb7 g4 54. c6 Nxc6 55. Kxc6 g3 56.
Kb5 Kc7 57. Ka6 Kd6 58. Kxa5 Kc5 59. Bh1 Kd4 60. b4 Kc4 61. Bg2 Kc3 62. Kb5
Kd4 63. Bf1 Kc3 64. Kc5 a6 65. Bg2 Kb3 66. Bb7 Kc3 67. Bd5 Kd3 68. Kb6 Kd4
69. Bg2 Kc4 70. Ka5 Kb3 71. Bf3 Kc3 72. Ba8 Kb3 73. Bd5+ Ka3 74. Bh1 Kb3
75. Bb7 Kc3 76. Ka4 Kb2 77. Bd5 Kc3 78. Ka3 Kd4 79. Bg2 Kc4 80. Bh3 Kc3 81.
Bf1 Kc2 82. Ka4 Kb2 83. Bh3 Kc3 84. Bg2 Kb2 85. Ka5 Kc3 86. Ba8 Kb3 87. Bb7
Kc3 88. Be4 Kb3 89. Bf3 Kc3 90. Ka4 Kb2 91. Bd5 Kc3 92. Ka3 Kd4 93. Bg2 Kc3
94. Bf1 Kc2 95. Bh3 Kc3 96. Ka4 Kb2 97. Ka5 Kc3 98. Bf1 Kb3 99. Bg2 Kc3
100. Bd5 Kd4 101. Bb7 Kc3 102. Ka4 Kb2 103. Bf3 Kc3 104. Bc6 Kb2 105. Be4
Kc3 106. Ka3 Kd4 107. Bg2 Kc3 108. Bf1 Kc2 109. Bg2 Kc3 110. Ka4 Kb2 111.
Bb7 Kc3 112. Ka3 Kc2 113. Bh1 Kc3 114. Ka4 Kb2 115. Ka5 Kc3 116. Bd5
1/2-1/2

[Event "IX EICC"]
[Site "Plovdiv BUL"]
[Date "2008.05.01"]
[Round "10"]
[White "Jankovic,A"]
[Black "Petkov,V"]
[Result "1-0"]
[WhiteElo "2528"]
[BlackElo "2415"]
[EventDate "2008.04.21"]

1. d4 Nf6 2. Nf3 e6 3. c4 d5 4. Nc3 Bb4 5. cxd5 exd5 6. Bg5 Nbd7 7. e3 c5
8. Bd3 Qa5 9. Qc2 c4 10. Bf5 O-O 11. O-O Re8 12. Nd2 g6 13. Bxd7 Nxd7 14.
h4 f6 15. Bf4 Nb6 16. f3 Be6 17. a3 Bf8 18. Rfe1 Rac8 19. e4 Bf7 20. Nf1
Bg7 21. a4 dxe4 22. fxe4 f5 23. e5 Nd5 24. Qd2 Nxf4 25. Qxf4 Rcd8 26. Rad1
a6 27. Kh1 b5 28. axb5 axb5 29. d5 b4 30. e6 Bxe6 31. dxe6 Rxd1 32. Nxd1 c3
33. Qc4 cxb2 34. e7+ Kh8 35. Qc6 1-0

[Event "IX EICC"]
[Site "Plovdiv BUL"]
[Date "2008.05.01"]
[Round "10"]
[White "Czebe,A"]
[Black "Kapnisis,S"]
[Result "1-0"]
[WhiteElo "2513"]
[BlackElo "2412"]
[EventDate "2008.04.21"]

1. e4 e5 2. d4 exd4 3. Nf3 Nc6 4. Nxd4 Bb4+ 5. c3 Bc5 6. Nxc6 bxc6 7. Bd3
Ne7 8. O-O O-O 9. Nd2 Bb6 10. Qh5 d6 11. Nf3 f6 12. e5 g6 13. Qh4 dxe5 14.
Bh6 Rf7 15. Bc4 Qe8 16. Qxf6 Nd5 17. Qxe5 Bg4 18. Rae1 Qd7 19. Ng5 Bc5 20.
Nxf7 Qxf7 21. Qg3 Be6 22. Bxd5 Bxd5 23. b3 Bd6 24. Qe3 Qf5 25. c4 Bf7 26.
Qc3 1-0

[Event "IX EICC"]
[Site "Plovdiv BUL"]
[Date "2008.05.01"]
[Round "10"]
[White "Marholev,D"]
[Black "Tukhaev,A"]
[Result "1/2-1/2"]
[WhiteElo "2400"]
[BlackElo "2512"]
[EventDate "2008.04.21"]

1. e4 c5 2. Nf3 d6 3. d4 cxd4 4. Nxd4 Nf6 5. Nc3 g6 6. Be3 Bg7 7. f3 O-O 8.
Qd2 Nc6 9. O-O-O d5 10. Nxc6 bxc6 11. exd5 Nxd5 12. Nxd5 cxd5 13. Qxd5 Qc7
14. Qc5 Qb7 15. Qb5 Qxb5 16. Bxb5 Rb8 17. Bc4 Bxb2+ 18. Kd2 a5 19. Bh6 Rd8+
20. Ke2 Bf5 21. Rxd8+ Rxd8 22. Rb1 Ba3 23. Rb5 a4 24. Bd3 Bxd3+ 25. cxd3
Bd6 26. g3 Rc8 27. Kd2 f6 28. Be3 Kf7 29. d4 h5 30. Kd3 Ke6 31. Ra5 a3 32.
h3 g5 33. g4 hxg4 34. hxg4 Rh8 35. Bc1 Rh3 36. Ke4 Rh2 37. Bxa3 Re2+ 38.
Kd3 Rxa2 39. d5+ Kf7 40. Bb4 Rxa5 41. Bxa5 e6 42. Ke4 exd5+ 43. Kxd5 Be5
1/2-1/2

[Event "IX EICC"]
[Site "Plovdiv BUL"]
[Date "2008.05.01"]
[Round "10"]
[White "Szabo,Krisz1"]
[Black "Dimitrov,R"]
[Result "1-0"]
[WhiteElo "2507"]
[BlackElo "2409"]
[EventDate "2008.04.21"]

1. e4 d5 2. exd5 Nf6 3. Nf3 Nxd5 4. d4 Bg4 5. h3 Bh5 6. c4 Nb6 7. Nc3 e6 8.
g4 Bg6 9. Ne5 N8d7 10. Nxg6 hxg6 11. Bg2 Nxc4 12. Bxb7 Rb8 13. Bg2 Bb4 14.
O-O Bxc3 15. bxc3 O-O 16. Qe2 Ndb6 17. a4 a5 18. Rb1 Qd7 19. Rb5 Nd6 20.
Rxa5 Nxa4 21. c4 Nc8 22. Qc2 Nab6 23. Rd1 Ne7 24. Be3 Nc6 25. Raa1 Rfd8 26.
Qc3 Ra8 27. Rxa8 Rxa8 28. Qb3 Ra4 29. d5 Na5 30. dxe6 Qxe6 31. Qd3 Kh7 32.
Qd8 f6 33. c5 Nc6 34. Qxc7 Qb3 35. Rf1 Nd5 36. Qxc6 Nxe3 37. fxe3 Qxe3+ 38.
Kh1 Rc4 39. Qd7 Rxc5 40. Rxf6 Rc1+ 41. Rf1 Rxf1+ 42. Bxf1 Qe4+ 43. Kg1 Qe3+
44. Kg2 Qe4+ 45. Kf2 Qf4+ 46. Ke1 Qe3+ 47. Be2 Qxh3 48. Qd5 Qg3+ 49. Kf1
Qf4+ 50. Qf3 Qf6 51. Kg2 Qe5 52. Qh3+ Kg8 53. Bc4+ Kf8 54. Qf3+ Ke7 55.
Qf7+ Kd6 56. Qxg6+ Kc5 57. Qd3 g5 58. Qf5 Kd4 59. Qxe5+ Kxe5 60. Kf3 Kd4
61. Ba2 Kd3 62. Bb1+ Kd4 63. Bf5 Kd5 64. Ke3 Ke5 65. Be4 Kd6 66. Kd4 Ke6
67. Bf5+ Kf7 68. Ke5 Kg7 69. Bb1 Kh6 70. Kf5 1-0

[Event "IX EICC"]
[Site "Plovdiv BUL"]
[Date "2008.05.01"]
[Round "10"]
[White "Georgescu,T"]
[Black "Stanojoski,Z"]
[Result "0-1"]
[WhiteElo "2384"]
[BlackElo "2506"]
[EventDate "2008.04.21"]

1. d4 Nf6 2. c4 e5 3. dxe5 Ng4 4. Bf4 Nc6 5. Nf3 Bb4+ 6. Nbd2 Qe7 7. a3
Ngxe5 8. e3 Nxf3+ 9. gxf3 Bxd2+ 10. Qxd2 d6 11. Qc3 f6 12. Be2 a5 13. h4 b6
14. h5 Ne5 15. O-O-O Bb7 16. Rh3 O-O-O 17. Rg1 g5 18. hxg6 hxg6 19. Rxh8
Rxh8 20. Bxe5 fxe5 21. Rxg6 Rh1+ 22. Kc2 Qh7 0-1

[Event "IX EICC"]
[Site "Plovdiv BUL"]
[Date "2008.05.01"]
[Round "10"]
[White "Colovic,A"]
[Black "Luch,M"]
[Result "1/2-1/2"]
[WhiteElo "2493"]
[BlackElo "2383"]
[EventDate "2008.04.21"]

1. c4 Nf6 2. Nc3 g6 3. g3 Bg7 4. Bg2 O-O 5. d3 c5 6. e3 Nc6 7. Nge2 a6 8.
O-O Rb8 9. b3 b5 10. Bb2 Qb6 11. Qd2 e6 12. Ne4 Nxe4 13. Bxe4 Bb7 14. Bxg7
Kxg7 15. Qc3+ Kg8 16. Rfc1 d6 17. f4 Ne7 18. Bxb7 1/2-1/2

[Event "IX EICC"]
[Site "Plovdiv BUL"]
[Date "2008.05.01"]
[Round "10"]
[White "Sulashvili,M"]
[Black "Mladenov,P"]
[Result "1-0"]
[WhiteElo "2491"]
[BlackElo "2371"]
[EventDate "2008.04.21"]

1. d4 d5 2. Nf3 Nf6 3. c4 c6 4. e3 a6 5. Bd3 b5 6. b3 Bg4 7. Nbd2 e6 8. O-O
Be7 9. Qc2 Nbd7 10. Bb2 Bxf3 11. Nxf3 O-O 12. Ne5 Rc8 13. c5 g6 14. f4 Ne8
15. a4 f6 16. Nf3 f5 17. axb5 axb5 18. Ra7 Rc7 19. Ra6 g5 20. g4 fxg4 21.
Ne5 Nxe5 22. dxe5 gxf4 23. exf4 Bh4 24. Raa1 g3 25. f5 Rg7 26. f6 Nxf6 27.
exf6 gxh2+ 28. Kh1 Bxf6 29. Bxh7+ Kh8 30. Rxf6 Rg1+ 31. Kxh2 1-0

[Event "IX EICC"]
[Site "Plovdiv BUL"]
[Date "2008.05.01"]
[Round "10"]
[White "Mihok,O"]
[Black "Vasilev,M"]
[Result "0-1"]
[WhiteElo "2352"]
[BlackElo "2469"]
[EventDate "2008.04.21"]

1. e4 c5 2. Nf3 d6 3. d4 cxd4 4. Nxd4 Nf6 5. Nc3 g6 6. Be3 Bg7 7. f3 a6 8.
Qd2 Nbd7 9. O-O-O b5 10. Bh6 Bxh6 11. Qxh6 Bb7 12. Kb1 Rc8 13. Bd3 Qb6 14.
Nce2 b4 15. g4 Ne5 16. h4 d5 17. exd5 Bxd5 18. Rhf1 Nxd3 19. Rxd3 Bc4 20.
Rdd1 a5 21. Rfe1 Rd8 22. h5 Rg8 23. hxg6 hxg6 24. Nc1 Nd5 25. Ka1 a4 26.
Qh7 Nf6 27. Qh6 a3 28. b3 Ba6 29. Qg5 Rd5 30. Qe3 Qc5 31. Kb1 Rh8 32. Nd3
Bxd3 33. Rxd3 Kf8 34. Ne2 Qxe3 35. Rxe3 Rh2 36. Kc1 Rc5 37. Rd3 Nd5 38. Rd4
e5 39. Re4 Nf4 40. Kd2 f5 41. gxf5 gxf5 42. Rxf4 exf4 43. Kd3 Re5 44. Kd2
Re3 45. Kd1 Rxf3 46. Nd4 Rff2 0-1

[Event "IX EICC"]
[Site "Plovdiv BUL"]
[Date "2008.05.01"]
[Round "10"]
[White "Vavrak,P"]
[Black "Pankov,Ger"]
[Result "1-0"]
[WhiteElo "2466"]
[BlackElo "2349"]
[EventDate "2008.04.21"]

1. d4 d5 2. c4 c6 3. Nc3 Nf6 4. e3 a6 5. Nf3 b5 6. c5 Nbd7 7. b4 g6 8. a4
Bb7 9. Nd2 e5 10. Nb3 Qc8 11. Bb2 e4 12. f3 exf3 13. Qxf3 Bg7 14. Bd3 O-O
15. O-O Qc7 16. Na5 Rae8 17. e4 dxe4 18. Nxe4 Nxe4 19. Bxe4 Re6 20. axb5
axb5 21. Nxb7 Rf6 22. Qb3 Qxb7 23. Bf3 Rf5 24. Qa3 Nf6 25. Qa6 Qxa6 26.
Rxa6 Nd5 27. Rxc6 Nxb4 28. Rd6 Nd3 29. Ba1 b4 30. Rd1 Nxc5 31. dxc5 Rxc5
32. Bxg7 Kxg7 33. Rb6 Rfc8 34. Rxb4 Rc1 35. Rxc1 Rxc1+ 36. Kf2 h5 37. Rb7
Rc5 38. Be4 Re5 39. Kf3 Re6 40. Bd5 Rf6+ 41. Ke4 Rf5 42. Kd4 Kf8 43. Rb3
Rf4+ 44. Ke5 Rf5+ 45. Kd6 Rf6+ 46. Kc5 Ra6 47. Bc6 Ra5+ 48. Kd6 Kg7 49. Rf3
Kf8 50. Rf4 Ra1 51. Rf2 Ra6 52. Rb2 Ra1 53. Bd5 Rf1 54. Rb8+ Kg7 55. Rb3
Ra1 56. Rb7 Rf1 57. Ke7 Rf5 58. Rd7 Re5+ 59. Kd8 Rf5 60. h3 Kf8 61. Kc7 Kg7
62. Kd6 Kf8 63. Ra7 Rf6+ 64. Ke5 Rf5+ 65. Ke4 Rf1 66. Ra3 Re1+ 67. Kf4 Rd1
68. Bf3 Rc1 69. Ra4 Rc5 70. Be4 Kg7 71. Ra7 Rc1 72. Kg5 Rc5+ 73. Kf4 Rc1
74. Rb7 Ra1 75. Rd7 Ra4 76. Ke5 Ra1 77. Bd3 Rc1 78. Kd6 Kf8 79. Kd5 Rd1 80.
Ke4 Re1+ 81. Kf4 Re6 82. Kg5 Rc6 83. Kh6 Rf6 84. Bc4 Rf2 85. Bd5 Rf5 86. g4
hxg4 87. hxg4 Rf4 88. Rxf7+ Rxf7 89. Bxf7 1-0

[Event "IX EICC"]
[Site "Plovdiv BUL"]
[Date "2008.05.01"]
[Round "10"]
[White "Van Beek,Al"]
[Black "Khmelniker,I"]
[Result "1-0"]
[WhiteElo "2343"]
[BlackElo "2459"]
[EventDate "2008.04.21"]

1. e4 e5 2. Nf3 Nc6 3. d4 exd4 4. Nxd4 Nf6 5. Nxc6 bxc6 6. e5 Qe7 7. Qe2
Nd5 8. c4 Ba6 9. b3 g5 10. h4 Bg7 11. Bb2 O-O-O 12. Nd2 Rde8 13. O-O-O Nf4
14. Qg4 Bxe5 15. hxg5 Bxb2+ 16. Kxb2 Qe5+ 17. Kb1 f5 18. gxf6 h5 19. Qf3
Qf5+ 20. Kb2 Qxf6+ 21. Qc3 Qxc3+ 22. Kxc3 c5 23. g3 Bb7 24. Rh2 Ne2+ 25.
Kd3 Nd4 26. Bg2 Bxg2 27. Rxg2 Rhf8 28. Rh1 Nc6 29. a3 Ne5+ 30. Kc3 Nf3 31.
Nxf3 Rxf3+ 32. Kd2 Re5 33. Rgh2 d6 34. Re1 Ref5 35. Re8+ Kb7 36. Ke2 Rxb3
37. Rh8 Rxa3 38. R8xh5 Ra2+ 39. Ke3 Raxf2 40. Rxf2 Rxh5 41. g4 Re5+ 42. Kf4
Re8 43. g5 Rf8+ 44. Kg3 Rg8 45. Kg4 c6 46. Rd2 Kc7 47. Kf5 Rf8+ 48. Ke6 Rf4
49. Re2 Rg4 50. Kf5 Rg1 51. g6 a5 52. Kf6 Kb6 53. g7 d5 54. Rb2+ Kc7 55.
cxd5 cxd5 56. Rb5 Kc6 57. Rb8 d4 58. g8=Q Rxg8 59. Rxg8 Kd5 60. Kf5 Kc4 61.
Ke4 a4 62. Ra8 d3 63. Rxa4+ Kb3 64. Ra1 Kc2 65. Ra2+ Kb3 66. Rd2 1-0

[Event "IX EICC"]
[Site "Plovdiv BUL"]
[Date "2008.05.01"]
[Round "10"]
[White "Grigorov,G"]
[Black "Bonev,T"]
[Result "1-0"]
[WhiteElo "2456"]
[BlackElo "2285"]
[EventDate "2008.04.21"]

1. d4 Nf6 2. c4 g6 3. Nc3 Bg7 4. e4 d6 5. Be2 O-O 6. Bg5 Na6 7. Qd2 c6 8.
Nf3 Nc7 9. d5 cxd5 10. exd5 Bd7 11. O-O Rb8 12. Nd4 b5 13. Ndxb5 Nxb5 14.
cxb5 Qa5 15. Bh6 Bxh6 16. Qxh6 a6 17. a4 Rfc8 18. Qh4 axb5 19. Bxb5 Bxb5
20. axb5 Qb6 21. Ra6 Qc5 22. Rc6 Rxc6 23. dxc6 d5 24. Qf4 Qb6 25. Rd1 Rd8
26. Qd4 Qc7 27. Qc5 Ng4 28. g3 Qe5 29. c7 Rc8 30. b6 Qh5 31. h4 Ne5 32. b7
1-0

[Event "IX EICC"]
[Site "Plovdiv BUL"]
[Date "2008.05.01"]
[Round "10"]
[White "Berbatov,K"]
[Black "Margvelashvili,G"]
[Result "0-1"]
[WhiteElo "2220"]
[BlackElo "2455"]
[EventDate "2008.04.21"]

1. e4 c6 2. d4 d5 3. e5 Bf5 4. Nc3 a6 5. Be3 Qc7 6. g4 Bd7 7. Bg2 e6 8. f4
c5 9. Nge2 cxd4 10. Nxd4 Nc6 11. Nce2 Nxd4 12. Nxd4 Bc5 13. c3 Ne7 14. Qd2
h5 15. h3 hxg4 16. hxg4 Rxh1+ 17. Bxh1 O-O-O 18. O-O-O Rh8 19. Bf3 g5 20.
fxg5 Ng6 21. Bf4 Nxe5 22. Be2 Bd6 23. Kc2 Ba4+ 24. b3 Bc6 25. Rf1 Be8 26.
Qe3 Rg8 27. Kb1 Nd7 28. Bxd6 Qxd6 29. Nf3 Qc5 30. Qd2 Kb8 31. c4 dxc4 32.
Bxc4 Ka7 33. Qf4 Nf8 34. Rc1 Ng6 35. Qf6 Qd6 36. Nd4 Rh8 37. Rd1 Qf4 38.
Bd3 Qxg4 39. Rf1 0-1

[Event "IX EICC"]
[Site "Plovdiv BUL"]
[Date "2008.05.01"]
[Round "10"]
[White "Zherebukh,Y"]
[Black "Goumas,G"]
[Result "1-0"]
[WhiteElo "2446"]
[BlackElo "2234"]
[EventDate "2008.04.21"]

1. e4 c5 2. Nf3 d6 3. d4 cxd4 4. Nxd4 Nf6 5. Nc3 g6 6. Be3 Bg7 7. f3 Nc6 8.
Qd2 O-O 9. Bc4 Bd7 10. O-O-O Rc8 11. Bb3 Ne5 12. Kb1 Re8 13. h4 h5 14. Bh6
Nc4 15. Bxc4 Rxc4 16. Bxg7 Kxg7 17. Nd5 e5 18. Nxf6 Qxf6 19. Nb3 Rec8 20.
Qxd6 Be6 21. c3 a5 22. Nxa5 Ra4 23. Nb3 Ra6 24. Qd2 Rca8 25. Qg5 Qxg5 26.
hxg5 Rxa2 27. Nc5 Bc4 28. Kc2 R8a5 29. Nd3 Rb5 30. Nb4 Ra8 31. Rd7 Rc8 32.
Kd2 Be6 33. Rd6 Kf8 34. Ke3 Ke7 35. Rhd1 h4 36. R6d2 Rh8 37. Nd3 Rh5 38.
Rh1 Rxg5 39. Rxh4 Rh5 40. Rxh5 gxh5 41. b4 f6 42. Nc5 Rb6 43. Rc2 Bc4 44.
g3 Kf7 45. Rh2 Rd6 46. Rd2 Rxd2 47. Kxd2 b5 48. Nd3 Ke6 49. Nb2 Ba2 50. Nd1
f5 51. exf5+ Kxf5 52. Ne3+ Ke6 53. Kd3 Bb1+ 54. Ke2 Bh7 55. c4 bxc4 56.
Nxc4 Kd5 57. b5 e4 58. f4 Bg8 59. Nd2 Kc5 60. Nxe4+ Kxb5 61. Nf6 Bf7 62.
Ke3 Kc5 63. Ke4 Kd6 64. Kf5 Ke7 65. Kg5 1-0

[Event "IX EICC"]
[Site "Plovdiv BUL"]
[Date "2008.05.01"]
[Round "10"]
[White "Tahirov,F"]
[Black "Moor,R"]
[Result "1-0"]
[WhiteElo "2533"]
[BlackElo "2378"]
[EventDate "2008.04.21"]

1. Nf3 Nf6 2. c4 g6 3. Nc3 d5 4. Qa4+ Bd7 5. Qb3 dxc4 6. Qxc4 Nc6 7. e4 e5
8. d4 exd4 9. Nxd4 Nxd4 10. Qxd4 Be6 11. Qa4+ Qd7 12. Nb5 O-O-O 13. Nxa7+
Kb8 14. Nb5 Bc5 15. Bf4 Ne8 16. Rc1 Qe7 17. Be3 Bb4+ 18. Ke2 Bg4+ 19. f3
Qxe4 20. Qa7+ Kc8 21. Kf2 Bxf3 22. gxf3 Qh4+ 23. Ke2 Rd5 24. Qa8+ Kd7 25.
Qxb7 Re5 26. Qc6+ Ke7 27. Qc4 1-0

[Event "IX EICC"]
[Site "Plovdiv BUL"]
[Date "2008.05.01"]
[Round "10"]
[White "Papin,V"]
[Black "Kukov,V"]
[Result "1/2-1/2"]
[WhiteElo "2483"]
[BlackElo "2365"]
[EventDate "2008.04.21"]

1. e4 c6 2. Nc3 d5 3. Nf3 Bg4 4. h3 Bxf3 5. Qxf3 e6 6. d3 Nf6 7. Bd2 Bb4 8.
e5 Nfd7 9. Qg4 Bf8 10. f4 h5 11. Qf3 c5 12. O-O-O Nc6 13. g4 hxg4 14. hxg4
Rxh1 15. Qxh1 g5 16. f5 Ndxe5 17. Qh5 Kd7 18. Bxg5 Be7 19. Bxe7 Qxe7
1/2-1/2

[Event "IX EICC"]
[Site "Plovdiv BUL"]
[Date "2008.05.01"]
[Round "10"]
[White "Jakovljevic,Vlado"]
[Black "Beckhuis,G"]
[Result "1/2-1/2"]
[WhiteElo "2463"]
[BlackElo "2350"]
[EventDate "2008.04.21"]

1. Nf3 Nf6 2. c4 b6 3. g3 Bb7 4. Bg2 e6 5. O-O Be7 6. Nc3 O-O 7. d4 Ne4 8.
Bd2 f5 9. d5 Bf6 10. Rc1 Na6 11. Be1 c5 12. dxc6 dxc6 13. Qc2 Nb4 14. Qb3
Nxc3 15. Bxc3 Bxc3 16. Rxc3 c5 17. Re3 Qe7 18. Ne5 Bxg2 19. Kxg2 Rad8 20.
a3 Qb7+ 21. f3 Nc6 22. Nxc6 Qxc6 23. Rd3 Qc7 24. Rfd1 h6 25. Qc3 Kf7 26. b4
Rxd3 27. Qxd3 cxb4 28. axb4 Rc8 29. Rc1 Rd8 30. Qe3 Qd6 31. c5 bxc5 32.
Rxc5 Rd7 33. Re5 a6 34. Ra5 Qxb4 35. Rxa6 Qc4 36. Rb6 Qd5 37. h4 Rd6 38.
Rxd6 Qxd6 39. Qa7+ Qe7 40. Qb8 Kg6 41. Qg8 Qd7 42. Kh3 h5 43. Kg2 Qf7 44.
Qd8 Qf6 45. Qe8+ Qf7 46. Qd8 Qf6 47. Qd6 Kh6 48. Kf2 Kg6 49. Qd7 f4 50. Qd6
fxg3+ 51. Kxg3 e5 52. Qd3+ Kh6 53. Qe3+ Kh7 54. Qe4+ g6 55. f4 exf4+ 56.
Qxf4 Qc3+ 57. Kf2 Qc5+ 58. Kf3 Qc3+ 59. e3 Qc6+ 60. Qe4 Qf6+ 61. Kg3 Qd6+
62. Qf4 Qd1 63. Qg5 Qd6+ 64. Kf3 Qd1+ 65. Kf4 Qf1+ 66. Ke4 Qb1+ 67. Kf4
Qf1+ 68. Ke4 Qb1+ 69. Kd4 Qb4+ 70. Kd3 Qb1+ 71. Ke2 Qc2+ 72. Ke1 Qc1+ 73.
Kf2 Qd2+ 74. Kf3 Qd1+ 75. Ke4 Qb1+ 1/2-1/2

[Event "IX EICC"]
[Site "Plovdiv BUL"]
[Date "2008.05.01"]
[Round "10"]
[White "Popovic,Milo2"]
[Black "Collas,D"]
[Result "1/2-1/2"]
[WhiteElo "2387"]
[BlackElo "2446"]
[EventDate "2008.04.21"]

1. d4 d5 2. Bf4 Nf6 3. e3 c5 4. c3 Nc6 5. Nd2 Qb6 6. Qb3 Qxb3 7. axb3 Nh5
8. dxc5 e5 9. Bg5 h6 10. Bh4 g5 11. Be2 Ng7 12. Bg3 f5 13. h3 Bxc5 14. b4
Bb6 15. b5 f4 16. exf4 exf4 17. Bxf4 gxf4 18. bxc6 bxc6 19. Bg4 O-O 20. Ne2
Ne6 21. Nf3 Nc5 22. Bxc8 Raxc8 23. O-O Ne4 24. Ned4 Rf6 25. Ne5 Rc7 26. Kh2
h5 27. f3 Ng3 28. Rfe1 Nf5 29. Nxf5 Rxf5 30. Nd3 Be3 31. Kh1 h4 32. Re2 c5
33. Ra6 Kg7 34. Rd6 a5 35. Ra6 c4 36. Nf2 d4 37. cxd4 c3 38. bxc3 Rxc3 39.
Kh2 Rc1 40. Ra7+ Kg6 41. Ra6+ Kg7 42. Ra7+ Rf7 43. Rxa5 Rb7 44. Rg5+ Kf8
45. Rf5+ Kg7 46. Rg5+ Kf8 47. Rf5+ 1/2-1/2

[Event "IX EICC"]
[Site "Plovdiv BUL"]
[Date "2008.05.01"]
[Round "10"]
[White "Sidorenko,I"]
[Black "Butnorius,A"]
[Result "0-1"]
[WhiteElo "2334"]
[BlackElo "2442"]
[EventDate "2008.04.21"]

1. e4 e5 2. Nf3 Nc6 3. Bb5 a6 4. Ba4 Nf6 5. O-O Be7 6. Re1 b5 7. Bb3 d6 8.
c3 O-O 9. h3 Nb8 10. d4 Nbd7 11. c4 c6 12. Nc3 Qc7 13. a3 exd4 14. Nxd4 Ne5
15. cxb5 axb5 16. Qc2 Qb7 17. Bf4 Bd7 18. Nf5 Bxf5 19. exf5 b4 20. Ne4 bxa3
21. bxa3 Nxe4 22. Rxe4 Bf6 23. Rb1 Rxa3 24. Ra4 Rxa4 25. Bxa4 Qe7 26. Bxe5
Qxe5 27. Bxc6 d5 28. Qd3 Rd8 29. g3 Qd6 30. Ba4 Qc5 31. Rd1 Qc3 32. Qxc3
Bxc3 33. Kg2 Kf8 34. Kf3 d4 35. Bc2 Ke7 36. Bd3 Kd6 37. Rb1 Rd7 38. Rb8 f6
39. Rh8 h6 40. Rg8 Re7 41. Rb8 Kc7 42. Ra8 Kb6 43. Ra2 Kc5 44. Re2 Ra7 45.
h4 Kd5 46. Kg4 Bb4 47. Rb2 Bc3 48. Re2 Bb4 49. Rb2 Bc3 50. Rc2 Ra3 51. f3
Ra1 52. Kh5 Be1 53. Be4+ Kd6 54. Rc6+ Kd7 55. Rc4 Rd1 56. g4 Bf2 57. Rc5
Ke7 58. Rd5 Rh1 59. Kg6 Rxh4 60. Kxg7 Rh1 61. Rb5 Rd1 62. Rb7+ Kd6 63. Kxf6
d3 64. Rb3 d2 65. Bc2 Bd4+ 66. Kg6 Rc1 67. Rd3 Rxc2 68. Rxd4+ Ke5 69. Rd7
Rc6+ 70. Kh5 Rd6 0-1